| 000 | 00000nam 2200000zi 4500 |
| 001 | 9.950256 |
| 003 | CaOODSP |
| 005 | 20250822131701 |
| 006 | m o d f |
| 007 | cr bn||||||||| |
| 008 | 250417t20252025onc oz f000 0 eng d |
| 020 | |a9780660769875 |
| 040 | |aCaOODSP|beng|erda|cCaOODSP |
| 041 | 0 |aeng|afre |
| 043 | |an-cn---|as-bl--- |
| 086 | 1 |aFR4-2025/3-PDF |
| 130 | 0 |aFramework Agreement between the Government of Canada and the Government of the Federative Republic of Brazil Concerning Defence Cooperation |d(1923 June 27) |
| 245 | 10|aBrazil / Defence - Framework Agreement between the Government of Canada and the Government of the Federative Republic of Brazil Concerning Defence Cooperation = |bBrésil / Défense - Accord-cadre entre le Gouvernement du Canada et le Gouvernement de la République fédérative du Brésil concernant la coopération en matière de défense. |
| 246 | 11|aBrésil / Défense - Accord-cadre entre le Gouvernement du Canada et le Gouvernement de la République fédérative du Brésil concernant la coopération en matière de défense |
| 264 | 1|a[Ottawa] : |bTreaty Law Division of the Department of Foreign Affairs, Trade and Development = Direction du droit des traités du Ministère des affaires étrangères, du commerce et du développement, |c[2025] |
| 264 | 4|c©2025 |
| 300 | |a1 online resource (11, 11 pages). |
| 336 | |atext|btxt|2rdacontent |
| 337 | |acomputer|bc|2rdamedia |
| 338 | |aonline resource|bcr|2rdacarrier |
| 490 | 1 |aTreaty series = |aRecueil des traités ; |v2025/3 |
| 500 | |a"Done at Brasilia on 27 June 2023. In Force on 28 February 2025." |
| 500 | |aAlternate pages have duplicate numbering. |
| 546 | |aText in English and French. |
| 651 | 0|aCanada|xMilitary relations|zBrazil. |
| 651 | 0|aBrazil|xMilitary relations|zCanada. |
| 651 | 0|aCanada|xForeign relations|vTreaties. |
| 651 | 0|aBrazil|xForeign relations|vTreaties. |
| 655 | 7|aTreaties|2lcgft |
| 710 | 1 |aCanada. |bGlobal Affairs Canada. |bTreaty Law Division, |eissuing body. |
| 710 | 1 |aCanada, |eparticipant in treaty. |
| 710 | 1 |aBrazil, |eparticipant in treaty. |
| 788 | |tBrazil / Defence - Framework Agreement between the Government of Canada and the Government of the Federative Republic of Brazil Concerning Defence Cooperation = |efre|w(CaOODSP)9.950258 |
| 830 | #0|aCanada treaty series ;|v2025/3.|w(CaOODSP)9.811730 |
| 856 | 40|qPDF|s391 KB|uhttps://publications.gc.ca/collections/collection_2025/amc-gac/FR4-2025-3.pdf |